| 000 | 01642cam a22004694i 4500 | ||
|---|---|---|---|
| 003 | PE-LiUPU | ||
| 005 | 20250731172942.0 | ||
| 008 | 150623s r 000 0 d | ||
| 020 | _a0931464110 | ||
| 035 | _a(Sirsi) i9780931464119 | ||
| 040 |
_aPE-LiUPU _bspa _cPE-LiUPU _erda |
||
| 049 | _aPRUA | ||
| 082 | 0 | 4 |
_a221.6 _bL51 _221 |
| 245 | 0 | 4 |
_aThe living and active word of God : _bstudies in honor of Samuel J. Schultz / _ceditado por Morris Inch y Ronald Youngblood. |
| 264 | 1 |
_aWinona Lake, Indiana : _bEisenbrauns, _c1983. |
|
| 300 |
_a355 páginas ; _c23.5 centímetros |
||
| 336 |
_atext _2rdacontent |
||
| 337 |
_aunmediated _2rdamedia |
||
| 338 |
_avolume _2rdacarrier |
||
| 504 | _aBibliografía al pie de páginas. | ||
| 505 | 0 | _aHow God "Spoke long ago to the fathers". -How God "Has spoken to Us in his son". -How God's word abides with Us. | |
| 526 | _aSEG42 | ||
| 526 | _aSEG41 | ||
| 526 | _aSEG40 | ||
| 526 | _aSEG39 | ||
| 526 | _aP94 | ||
| 526 | _aP87 | ||
| 526 | _aP86 | ||
| 526 | _aP85 | ||
| 526 | _aP77 | ||
| 526 | _aP76 | ||
| 526 | _aP35 | ||
| 630 |
_aBiblia. _pA.T. _xCrítica, interpretación, etc. |
||
| 700 | 1 |
_aInch, Morris, _eed. |
|
| 700 | 1 |
_aYoungblood, Ronald, _eed. |
|
| 942 |
_2ddc _cBOOK |
||
| 949 |
_a221.6 L51 _wDEWEY _c1 _i44651 _lCCODEBUL1 _mBUL _r0 _sY _tBOOK _u2015-6-24 _xTEOLOGIA _PP35 _0COMPRA _o.STAFF. Colección General |
||
| 994 |
_aC0 _bPEPRU |
||
| 596 | _a1 | ||
| 999 |
_a221.6 L51 _wDEWEY _c21509 _i44651 _f2021-11-9 _g5 _lCCODEBUL1 _mBUL _r0 _sY _tBOOK _u2015-6-24 _xTEOLOGIA _PP35 _0COMPRA _o.STAFF. Colección General _d21509 |
||
| 980 |
_81 _gALBERTO SANCHEZ Responsable de Automatización |
||